[Event "Pere Noel"]
[Site "Montreal CAN"]
[Date "2013.12.30"]
[Round "5"]
[White "Heredia, Jose"]
[Black "Dumouchel, Alain"]
[Result "0-1"]
[WhiteElo "1846"]
[BlackElo "1908"]
[PlyCount "112"]
[GameId "2160767909208116"]
[EventDate "2013.12.26"]
[EventType "swiss"]
[EventRounds "5"]
[EventCountry "CAN"]
[SourceTitle "hb 2013"]

1. e4 e5 2. Nf3 Nc6 3. Bb5 f5 4. d3 fxe4 5. dxe4 Nf6 6. O-O Bc5 7. Nc3 O-O 8. Bg5 d6 9. Nd5 Kh8 10. Nxf6 gxf6 11. Be3 Bxe3 12. fxe3 Bg4 13. Qd2 f5 14. exf5 Rxf5 15. Bd3 Rh5 16. g3 Qg8 17. Rf2 Rf8 18. Nh4 Bh3 19. Rxf8 Qxf8 20. Qf2 Qxf2+ 21. Kxf2 Kg7 22. c3 Ne7 23. e4 Be6 24. Be2 Rh6 25. Kg2 Rf6 26. a4 d5 27. Bd3 Bd7 28. Re1 d4 29. cxd4 exd4 30. b3 Rb6 31. Bc4 c5 32. e5 Nf5 33. Nxf5+ Bxf5 34. e6 Bg6 35. e7 Be8 36. Re5 Rc6 37. Bb5 Kf6 38. Re1 Rc8 39. Bc4 Bc6+ 40. Kf2 Bd7 41. Bb5 Bxb5 42. axb5 Re8 43. Ra1 Rxe7 44. Rxa7 Ke5 45. Ra8 Re6 46. Rc8 Kd5 47. Rc7 Rb6 48. Rxh7 Rxb5 49. Rh5+ Ke4 50. b4 b6 51. bxc5 bxc5 52. Ke2 Rb2+ 53. Kd1 c4 54. g4 c3 55. g5 d3 56. Ke1 Rb1+ 0-1

[Event "Pere Noel"]
[Site "Montreal CAN"]
[Date "2013.12.30"]
[Round "5"]
[White "Langlois-Remillard, Alexis"]
[Black "Nikulich, Oleksandr"]
[Result "0-1"]
[WhiteElo "1919"]
[BlackElo "2085"]
[PlyCount "60"]
[GameId "2160767909208117"]
[EventDate "2013.12.26"]
[EventType "swiss"]
[EventRounds "5"]
[EventCountry "CAN"]
[SourceTitle "hb 2013"]

1. Nc3 e5 2. d3 Nc6 3. g3 a6 4. Bg2 Bc5 5. Nf3 h5 6. Ne4 Ba7 7. c3 d5 8. Ned2 h4 9. Nxh4 Rxh4 10. gxh4 Qxh4 11. O-O Nf6 12. Nf3 Qh5 13. Qa4 Bg4 14. h3 Bxf3 15. Bxf3 Qxh3 16. Bg5 Qg3+ 17. Kh1 Qxg5 18. Rg1 Qh6+ 19. Kg2 O-O-O 20. Rh1 Qg6+ 21. Kf1 e4 22. dxe4 dxe4 23. Bg2 Kb8 24. e3 Qf5 25. Ke2 Ng4 26. Raf1 Nxe3 27. fxe3 Qg4+ 28. Ke1 Qxg2 29. Rfg1 Qd2+ 30. Kf1 Qxe3 0-1

[Event "Pere Noel"]
[Site "Montreal CAN"]
[Date "2013.12.30"]
[Round "5"]
[White "Larochelle, Martial"]
[Black "Tremblay, Alain"]
[Result "1/2-1/2"]
[WhiteElo "2210"]
[BlackElo "2084"]
[PlyCount "50"]
[GameId "2160767909208118"]
[EventDate "2013.12.26"]
[EventType "swiss"]
[EventRounds "5"]
[EventCountry "CAN"]
[SourceTitle "hb 2013"]

1. d4 e6 2. c4 f5 3. Nc3 Nf6 4. e3 Be7 5. Bd3 O-O 6. Nge2 d6 7. Qc2 Kh8 8. O-O a5 9. a3 Na6 10. Rb1 c5 11. b3 Bd7 12. Bb2 Qe8 13. e4 cxd4 14. Nxd4 f4 15. e5 dxe5 16. Nf3 Bc6 17. Ne4 Nc5 18. Nxc5 Bxc5 19. Bxe5 Bxf3 20. gxf3 Qh5 21. Bxf4 Qxf3 22. Bg3 Bxa3 23. Rbe1 Rae8 24. Re3 Qc6 25. Rfe1 Bb4 1/2-1/2

[Event "Pere Noel"]
[Site "Montreal CAN"]
[Date "2013.12.30"]
[Round "5"]
[White "Luksza, Arkadiusz"]
[Black "Lawson, Eric"]
[Result "0-1"]
[WhiteElo "2147"]
[BlackElo "2381"]
[PlyCount "134"]
[GameId "2160767909208119"]
[EventDate "2013.12.26"]
[EventType "swiss"]
[EventRounds "5"]
[EventCountry "CAN"]
[SourceTitle "hb 2013"]

1. Nf3 d6 2. d4 Bg4 3. e4 Nf6 4. Nc3 e6 5. Be2 d5 6. h3 Bxf3 7. Bxf3 Be7 8. O-O O-O 9. Re1 c6 10. Bg5 dxe4 11. Nxe4 Nxe4 12. Bxe7 Qxe7 13. Bxe4 Rd8 14. c3 Nd7 15. Qf3 Nf6 16. Bc2 a5 17. a4 c5 18. dxc5 Qxc5 19. Re2 Rd7 20. Bd3 Rad8 21. Bb5 Rd5 22. Rae1 b6 23. Qf4 Nh5 24. Qc4 Qd6 25. Qc6 Qb8 26. Qc4 Nf4 27. Re4 Nd3 28. R1e3 Nxb2 29. Qb3 Nd3 30. Rd4 Rxd4 31. cxd4 Nb4 32. Re4 Nd5 33. Re1 Qf4 34. Rd1 g6 35. Bc4 Nb4 36. Qe3 Qd6 37. Bb3 Kg7 38. h4 h5 39. g3 Nd5 40. Qe5+ Nf6 41. Kf1 Qxe5 42. dxe5 Rxd1+ 43. Bxd1 Ne4 44. Bc2 Nc3 45. Ke1 b5 46. axb5 Nxb5 47. Kd2 Nd4 48. Bd1 Nc6 49. f4 Nd4 50. Ke3 Nf5+ 51. Kf3 Kf8 52. Ba4 Nh6 53. Ke4 Ke7 54. Bb5 Kd8 55. Ba4 Nf5 56. Kf3 Ne7 57. g4 hxg4+ 58. Kxg4 Nd5 59. Bb3 Nc3 60. f5 exf5+ 61. Kg5 Ke7 62. e6 a4 63. Bc4 Ne4+ 64. Kh6 fxe6 65. Kxg6 Nf6 66. h5 a3 67. h6 f4 0-1

[Event "Pere Noel"]
[Site "Montreal CAN"]
[Date "2013.12.30"]
[Round "5"]
[White "Luo, Zhao Yang"]
[Black "Zhu, Hong Rui"]
[Result "1/2-1/2"]
[WhiteElo "2042"]
[BlackElo "2128"]
[PlyCount "104"]
[GameId "2160767909208120"]
[EventDate "2013.12.26"]
[EventType "swiss"]
[EventRounds "5"]
[EventCountry "CAN"]
[SourceTitle "hb 2013"]

1. e4 c5 2. Ne2 Nc6 3. d4 cxd4 4. Nxd4 g6 5. c4 Nf6 6. Nc3 d6 7. Be2 Nxd4 8. Qxd4 Bg7 9. Be3 O-O 10. Qd2 Re8 11. O-O Bd7 12. Rfd1 Bc6 13. f3 Qa5 14. Nd5 Qxd2 15. Bxd2 Bxd5 16. cxd5 Nd7 17. Bb5 Red8 18. Ba5 b6 19. Bc3 Bxc3 20. bxc3 Rac8 21. Rac1 Rc5 22. Bxd7 Rxd7 23. Rc2 Rdc7 24. Rdc1 b5 25. Kf2 Rc4 26. Ke3 Kg7 27. Kd3 Kf6 28. Rb1 a6 29. g3 Ra4 30. Rb4 Rc4 31. Rcb2 Rcxb4 32. cxb4 Ra3+ 33. Ke2 Ke5 34. Rc2 Ra4 35. Ke3 Rxb4 36. Rc6 Ra4 37. f4+ Kf6 38. e5+ Kg7 39. exd6 exd6 40. Rxd6 Kf8 41. Rc6 Ke7 42. d6+ Kd7 43. Rc7+ Kxd6 44. Rxf7 Ke6 45. Rxh7 Rxa2 46. g4 Rc2 47. Rb7 Rc6 48. h4 Kf6 49. Kd3 Rc4 50. Rb6+ Kg7 51. Rxa6 Rxf4 52. h5 gxh5 1/2-1/2

[Event "Pere Noel"]
[Site "Montreal CAN"]
[Date "2013.12.30"]
[Round "5"]
[White "Masse, Hugues"]
[Black "Voskanyan, Vahagn"]
[Result "1/2-1/2"]
[WhiteElo "2244"]
[BlackElo "2215"]
[PlyCount "98"]
[GameId "2160767909208121"]
[EventDate "2013.12.26"]
[EventType "swiss"]
[EventRounds "5"]
[EventCountry "CAN"]
[SourceTitle "hb 2013"]

1. d4 d5 2. c4 c6 3. Nf3 Nf6 4. e3 e6 5. b3 Nbd7 6. Bb2 b6 7. Bd3 Bb7 8. O-O Be7 9. Nc3 dxc4 10. bxc4 c5 11. Qe2 Qc7 12. Rfd1 Rd8 13. d5 exd5 14. cxd5 Nxd5 15. Nxd5 Bxd5 16. Bxg7 Rg8 17. Bb2 Qb7 18. e4 Bc6 19. Ne5 Nxe5 20. Bxe5 b5 21. Bg3 c4 22. Bc2 Rg5 23. Bf4 Rg6 24. Bg3 Re6 25. Qh5 Rxd1+ 26. Rxd1 Bxe4 27. Bxe4 Qxe4 28. Qxb5+ Kf8 29. f3 Qc2 30. Re1 Rxe1+ 31. Bxe1 Bf6 32. Qb8+ Kg7 33. Qg3+ Qg6 34. Qf4 c3 35. h4 h5 36. Kh2 Qd3 37. Bf2 Qd5 38. Kh3 Qe6+ 39. g4 Qe2 40. Bd4 Qf1+ 41. Kh2 Qe2+ 42. Kh3 Bxd4 43. Qxd4+ Kg8 44. Qxc3 hxg4+ 45. fxg4 Qxa2 46. h5 Qe6 47. Qd4 a6 48. Kh4 Qe1+ 49. Kg5 Qe7+ 1/2-1/2

[Event "Pere Noel"]
[Site "Montreal CAN"]
[Date "2013.12.30"]
[Round "5"]
[White "Ming, Wenyang"]
[Black "Struben, Jeroen"]
[Result "0-1"]
[WhiteElo "1822"]
[BlackElo "1744"]
[PlyCount "54"]
[GameId "2160767909208122"]
[EventDate "2013.12.26"]
[EventType "swiss"]
[EventRounds "5"]
[EventCountry "CAN"]
[SourceTitle "hb 2013"]

1. d4 Nf6 2. Nc3 g6 3. e4 d6 4. f4 Bg7 5. Nf3 c5 6. d5 O-O 7. Be3 a6 8. a4 Qc7 9. Nd2 b6 10. Nc4 Nbd7 11. Bd3 Bb7 12. O-O b5 13. axb5 Nb6 14. Qe2 Nxc4 15. Bxc4 axb5 16. Bxb5 Rfb8 17. Qc4 Ng4 18. Bf2 Nxf2 19. Kxf2 Bd4+ 20. Kf3 Ra5 21. Ba4 Ba6 22. Qa2 Bxf1 23. Rxf1 Rb4 24. Ra1 Qa7 25. b3 Bxc3 26. Rd1 c4 27. Rb1 Qd4 0-1

[Event "Pere Noel"]
[Site "Montreal CAN"]
[Date "2013.12.30"]
[Round "5"]
[White "Prahov, Valentin"]
[Black "Sambuev, Bator"]
[Result "0-1"]
[WhiteElo "2205"]
[BlackElo "2588"]
[PlyCount "98"]
[GameId "2160767909208124"]
[EventDate "2013.12.26"]
[EventType "swiss"]
[EventRounds "5"]
[EventCountry "CAN"]
[SourceTitle "CBM 158 Extra"]
[Source "ChessBase"]
[SourceDate "2014.02.28"]
[SourceVersion "1"]
[SourceVersionDate "2014.02.28"]
[SourceQuality "1"]

1. e4 d6 2. d4 Nf6 3. Nc3 e5 4. Nf3 Nbd7 5. Bc4 Be7 6. O-O O-O 7. h3 c6 8. a4 b6 9. Be3 Bb7 10. Qe2 a6 11. Rad1 b5 12. dxe5 dxe5 13. Bb3 Qc7 14. Nh4 Nc5 15. Nf5 Nxb3 16. cxb3 Bc8 17. Nxe7+ Qxe7 18. Qc2 Qb4 19. Na2 Qxe4 20. Qxe4 Nxe4 21. f3 Nf6 22. Nb4 Be6 23. Rd3 bxa4 24. Nxc6 axb3 25. Nxe5 Rfc8 26. Rfd1 h5 27. g4 a5 28. g5 Ne8 29. h4 a4 30. Ra1 Rc2 31. Rd2 Rxd2 32. Bxd2 Nd6 33. g6 fxg6 34. Nxg6 Nf5 35. Nf4 Bf7 36. Be1 Nd4 37. Kf2 Nc2 38. Rd1 Rc8 39. Ne2 a3 40. bxa3 Nxe1 41. Kxe1 Bg6 42. Kd2 Rd8+ 43. Ke1 Rxd1+ 44. Kxd1 b2 45. Nc3 b1=Q+ 46. Nxb1 Bxb1 47. a4 Bd3 48. a5 Kf7 49. Kd2 Ba6 0-1

[Event "Pere Noel"]
[Site "Montreal CAN"]
[Date "2013.12.30"]
[Round "5"]
[White "Procacci, Sergio"]
[Black "Singher, Jean-Pierre"]
[Result "1/2-1/2"]
[WhiteElo "2019"]
[BlackElo "1953"]
[PlyCount "82"]
[GameId "2160767909208125"]
[EventDate "2013.12.26"]
[EventType "swiss"]
[EventRounds "5"]
[EventCountry "CAN"]
[SourceTitle "hb 2013"]

1. e4 c5 2. b4 b6 3. bxc5 bxc5 4. Bc4 Qb6 5. Nc3 Nc6 6. Rb1 Qa5 7. Rb5 Qc7 8. Rb1 Nf6 9. Nf3 e6 10. O-O a6 11. Bb2 Bd6 12. Re1 Ne5 13. Nd5 Nxd5 14. Bxd5 Rb8 15. Bxe5 Bxe5 16. Nxe5 Qxe5 17. c3 O-O 18. Bb3 Bb7 19. d4 Qg5 20. Re3 d6 21. Rg3 Qf4 22. Rg4 Qf6 23. Qd2 h5 24. Rf4 Qg5 25. Qe3 c4 26. Bc2 Bc6 27. h4 Rxb1+ 28. Bxb1 Qb5 29. Bc2 Qb2 30. d5 Bd7 31. dxe6 Bxe6 32. Bd1 Qb1 33. Qd2 Rd8 34. Kh2 Qd3 35. Qc1 d5 36. e5 d4 37. cxd4 Rxd4 38. Be2 Qd2 39. Qxd2 Rxd2 40. Bxc4 Bxc4 41. Rxc4 Rxa2 1/2-1/2

[Event "Pere Noel U1800"]
[Site "Montreal CAN"]
[Date "2013.12.26"]
[Round "1"]
[White "Alcantara, Maximo jr"]
[Black "Bedard, Michel"]
[Result "1/2-1/2"]
[WhiteElo "1656"]
[BlackElo "1549"]
[PlyCount "63"]
[GameId "2160767909208126"]
[EventDate "2013.12.26"]
[EventType "swiss"]
[EventRounds "5"]
[EventCountry "CAN"]
[SourceTitle "hb 2013"]

1. d4 d5 2. Bf4 Bf5 3. e3 e6 4. Nf3 Nf6 5. Nbd2 Nbd7 6. c4 c5 7. Qa4 Be7 8. cxd5 Nxd5 9. Bg3 N5b6 10. Qb3 cxd4 11. Nxd4 Bg6 12. Be2 O-O 13. O-O Nc5 14. Qd1 Nd5 15. Rc1 a6 16. N2b3 Rc8 17. Nxc5 Rxc5 18. Nb3 Rxc1 19. Nxc1 Qb6 20. Qb3 Qxb3 21. Nxb3 Rc8 22. Rc1 Rxc1+ 23. Nxc1 Bf6 24. b3 Be7 25. a4 Ba3 26. Nd3 Nc3 27. Kf1 Kf8 28. Ke1 Ke7 29. Kd2 Ne4+ 30. Kc2 Nxg3 31. hxg3 Bxd3+ 32. Bxd3 1/2-1/2

[Event "Pere Noel U1800"]
[Site "Montreal CAN"]
[Date "2013.12.26"]
[Round "1"]
[White "Lesperance, Pierre"]
[Black "Johnson-Constantin, Mathieu"]
[Result "1/2-1/2"]
[WhiteElo "1441"]
[BlackElo "1633"]
[PlyCount "78"]
[GameId "2160767909208127"]
[EventDate "2013.12.26"]
[EventType "swiss"]
[EventRounds "5"]
[EventCountry "CAN"]
[SourceTitle "hb 2013"]

1. d4 Nf6 2. c4 g6 3. g3 Bg7 4. Bg2 O-O 5. e4 d6 6. Nc3 e5 7. d5 Nbd7 8. f3 a5 9. Be3 Nh5 10. Nge2 f5 11. O-O f4 12. Bd2 Nc5 13. g4 Nf6 14. Be1 h5 15. g5 Nfd7 16. h4 Nb6 17. b3 c6 18. Bf2 cxd5 19. Nxd5 Nxd5 20. cxd5 Nxe4 21. fxe4 f3 22. Bh1 fxe2 23. Qxe2 Bg4 24. Qb5 Rf7 25. Bb6 Qd7 26. Qxd7 Bxd7 27. Bc7 Bf8 28. Rxf7 Kxf7 29. Rf1+ Kg7 30. Rf6 Be7 31. Rf2 a4 32. b4 Rc8 33. Bb6 Rc4 34. a3 Rc3 35. Rf3 Rb3 36. Kf2 Bg4 37. Re3 Rb2+ 38. Kg3 Kf7 39. Bf3 Bd7 1/2-1/2

[Event "Pere Noel U1800"]
[Site "Montreal CAN"]
[Date "2013.12.26"]
[Round "1"]
[White "Milosz, Jerzy"]
[Black "Amesse, Louis-Philippe"]
[Result "0-1"]
[WhiteElo "1562"]
[BlackElo "1668"]
[PlyCount "82"]
[GameId "2160767909208128"]
[EventDate "2013.12.26"]
[EventType "swiss"]
[EventRounds "5"]
[EventCountry "CAN"]
[SourceTitle "hb 2013"]

1. e4 d6 2. d4 Nf6 3. Nc3 g6 4. Be3 Bg7 5. f3 O-O 6. Bc4 e5 7. Nge2 Nc6 8. O-O a6 9. d5 Ne7 10. a4 Ne8 11. Qd2 f5 12. Bh6 f4 13. Bxg7 Kxg7 14. Kh1 g5 15. Ng1 Nf6 16. g4 Ng6 17. h3 Nh4 18. Qf2 Rh8 19. Be2 h5 20. Rfe1 hxg4 21. fxg4 Bxg4 22. Bxg4 Nxg4 23. Qe2 Nf6 24. Nf3 Nh5 25. Rg1 Ng3+ 26. Rxg3 fxg3 27. Nxh4 Rxh4 28. Kg2 Qd7 29. Rh1 Rah8 30. Qe3 Rxh3 31. Qxg5+ Kf7 32. Rf1+ Ke8 33. Qg6+ Kd8 34. Qf6+ Qe7 35. Qxe7+ Kxe7 36. Rf3 Rh2+ 37. Kg1 Rh1+ 38. Kg2 R8h2+ 39. Kxg3 Rh3+ 40. Kg4 Rxf3 41. Kxf3 Rc1 0-1

[Event "Pere Noel U1800"]
[Site "Montreal CAN"]
[Date "2013.12.26"]
[Round "1"]
[White "Riendeau, Jacques"]
[Black "Pregent, Daniel"]
[Result "0-1"]
[WhiteElo "1613"]
[BlackElo "1735"]
[PlyCount "52"]
[GameId "2160767909208130"]
[EventDate "2013.12.26"]
[EventType "swiss"]
[EventRounds "5"]
[EventCountry "CAN"]
[SourceTitle "hb 2013"]

1. e4 c5 2. Nf3 e6 3. d4 cxd4 4. Nxd4 Nf6 5. Nc3 d6 6. Be2 Be7 7. O-O Nbd7 8. f4 a6 9. Be3 Qc7 10. Bf3 Nc5 11. Qe1 Bd7 12. b4 Na4 13. Nxa4 Bxa4 14. Rc1 O-O 15. c4 Rac8 16. Qg3 Rfd8 17. e5 dxe5 18. fxe5 Nd7 19. Bh6 Qxe5 20. Qxe5 Nxe5 21. Be3 Nxf3+ 22. Rxf3 Bf6 23. Nb3 Bc6 24. Rf2 Rd3 25. Re2 Rcd8 26. Rd2 Rxe3 0-1

[Event "Pere Noel U1800"]
[Site "Montreal CAN"]
[Date "2013.12.26"]
[Round "1"]
[White "Salazar, Andres Felipe"]
[Black "Guan, Zi Yu"]
[Result "1-0"]
[WhiteElo "1644"]
[BlackElo "1533"]
[PlyCount "103"]
[GameId "2160767909208131"]
[EventDate "2013.12.26"]
[EventType "swiss"]
[EventRounds "5"]
[EventCountry "CAN"]
[SourceTitle "EXT 2022"]
[Source "ChessBase"]
[SourceDate "2021.10.06"]
[SourceVersion "1"]
[SourceVersionDate "2021.10.06"]
[SourceQuality "1"]

1. e4 c5 2. Nf3 d6 3. d4 cxd4 4. Nxd4 Nf6 5. Nc3 e5 6. Nb3 a6 7. Be2 Be7 8. Be3 Be6 9. Qd2 O-O 10. O-O-O Nc6 11. Bg5 b5 12. Bxf6 Bxf6 13. Qxd6 Qxd6 14. Rxd6 Bxb3 15. Rxc6 Be6 16. Nd5 Bg5+ 17. Kb1 Rfc8 18. Rxc8+ Rxc8 19. Rd1 Rd8 20. g3 Rd7 21. Nb4 Rxd1+ 22. Bxd1 a5 23. Nc6 f6 24. Nxa5 Bd2 25. Nc6 Be1 26. Be2 Bc4 27. Bxc4+ bxc4 28. a4 Kf8 29. a5 Ke8 30. a6 Bxf2 31. a7 Bxa7 32. Nxa7 Kd7 33. Ka2 g6 34. Nb5 f5 35. Ka3 fxe4 36. Kb4 e3 37. Nc3 e4 38. Kxc4 Kd6 39. Kd4 e2 40. Nxe2 e3 41. c4 Kc6 42. b4 Kb6 43. Kxe3 Kc6 44. Nd4+ Kb6 45. c5+ Kc7 46. b5 Kb7 47. b6 Kc8 48. c6 Kb8 49. Nb5 Kc8 50. Nd6+ Kb8 51. c7+ Ka8 52. c8=Q# 1-0

[Event "Pere Noel U1800"]
[Site "Montreal CAN"]
[Date "2013.12.26"]
[Round "1"]
[White "Zumsteg, Nicolas"]
[Black "Steinberg, Ellis"]
[Result "0-1"]
[WhiteElo "1581"]
[BlackElo "1683"]
[PlyCount "146"]
[GameId "2160767909208132"]
[EventDate "2013.12.26"]
[EventType "swiss"]
[EventRounds "5"]
[EventCountry "CAN"]
[SourceTitle "hb 2013"]

1. d4 Nf6 2. c4 g6 3. Nc3 Bg7 4. e4 d6 5. Nf3 O-O 6. h3 e5 7. d5 a5 8. Bg5 Na6 9. Bd3 c6 10. Rc1 h6 11. Be3 Nh5 12. Qd2 Kh7 13. g4 Qf6 14. Be2 Nf4 15. Bb6 Nc5 16. Bxc5 dxc5 17. Na4 cxd5 18. cxd5 b6 19. Rh2 Nxe2 20. Qxe2 Qf4 21. Qe3 Qxe3+ 22. fxe3 Rb8 23. Rd2 Bd7 24. Nc3 h5 25. gxh5 gxh5 26. Ng5+ Kh6 27. h4 Bf6 28. Nf3 Bg4 29. Kf2 Bxf3 30. Kxf3 Bxh4 31. Rh1 Bf6 32. Rdh2 h4 33. Nb5 Rbd8 34. Kg4 Rg8+ 35. Kf5 Rg6 36. Rxh4+ Bxh4 37. Rxh4+ Kg7 38. Kxe5 Re8+ 39. Kf4 Rf6+ 40. Kg4 Rg6+ 41. Kf3 Rf6+ 42. Ke2 Rh6 43. Rxh6 Kxh6 44. Nd6 Rf8 45. e5 Kg6 46. e4 Rb8 47. a4 Rh8 48. Nc4 Kg5 49. Nxb6 Kf4 50. Kd3 Rh3+ 51. Kc4 Kxe5 52. Kxc5 Kxe4 53. d6 f5 54. Nc4 Rd3 55. Nxa5 Rd5+ 56. Kb4 Rxd6 57. Nc4 Rd4 58. Kc5 Rxc4+ 59. Kxc4 f4 60. b4 f3 61. a5 f2 62. Kc5 f1=Q 63. b5 Qf5+ 64. Kb6 Qe6+ 65. Kc7 Qe7+ 66. Kc6 Qe8+ 67. Kb6 Qe6+ 68. Kc7 Qe7+ 69. Kc6 Qa7 70. b6 Qxa5 71. b7 Qd8 72. b8=Q Qxb8 73. Kc5 Qc7+ 0-1

[Event "Pere Noel U1800"]
[Site "Montreal CAN"]
[Date "2013.12.27"]
[Round "2"]
[White "Pregent, Daniel"]
[Black "Guentchev, Radoslav"]
[Result "1-0"]
[WhiteElo "1735"]
[BlackElo "1680"]
[PlyCount "121"]
[GameId "2160767909208133"]
[EventDate "2013.12.26"]
[EventType "swiss"]
[EventRounds "5"]
[EventCountry "CAN"]
[SourceTitle "hb 2013"]

1. d4 d5 2. c4 e6 3. Nf3 Nf6 4. e3 Be7 5. Nc3 O-O 6. b3 Bb4 7. Bd2 Bxc3 8. Bxc3 Ne4 9. Bb2 c6 10. Bd3 Qa5+ 11. Nd2 Qxd2+ 12. Qxd2 Nxd2 13. Kxd2 f5 14. f3 Nd7 15. Rhf1 Nf6 16. Rae1 Bd7 17. h3 h5 18. Ba3 Rf7 19. Bd6 g5 20. c5 h4 21. Kc3 Nh5 22. b4 Ng3 23. Rf2 a5 24. a4 axb4+ 25. Kxb4 Nh5 26. Ra1 Nf6 27. a5 Bc8 28. Rfa2 Ne8 29. Be5 Nc7 30. Kc3 Nb5+ 31. Kd2 Nc7 32. Rb2 Na6 33. Rb6 Nc7 34. Kc3 Na6 35. Rab1 Nc7 36. Kb4 Na6+ 37. Ka4 Nc7 38. R1b2 Nb5 39. Rb3 Ra6 40. Kb4 Rxb6 41. axb6 Bd7 42. Rb1 Rf8 43. Ra1 Bc8 44. Ra8 Bd7 45. Rxf8+ Kxf8 46. Bf6 g4 47. hxg4 fxg4 48. Bxh4 gxf3 49. gxf3 Kg7 50. Bg3 Kf7 51. Be5 Ke7 52. e4 Be8 53. exd5 exd5 54. f4 Bd7 55. f5 Be8 56. f6+ Kd8 57. Bf5 Bf7 58. Kb3 Bh5 59. Be6 Be2 60. f7 Ke7 61. Bg7 1-0

[Event "Pere Noel U1800"]
[Site "Montreal CAN"]
[Date "2013.12.28"]
[Round "3"]
[White "Alcantara, Maximo jr"]
[Black "Luo, Alan"]
[Result "1-0"]
[WhiteElo "1656"]
[BlackElo "1644"]
[PlyCount "37"]
[GameId "2160767909208134"]
[EventDate "2013.12.26"]
[EventType "swiss"]
[EventRounds "5"]
[EventCountry "CAN"]
[SourceTitle "hb 2013"]

1. e4 e5 2. Nf3 d6 3. d4 Bg4 4. dxe5 Bxf3 5. Qxf3 dxe5 6. Bc4 Nf6 7. Qb3 Qe7 8. Qxb7 Qb4+ 9. Qxb4 Bxb4+ 10. c3 Bd6 11. Bg5 Nbd7 12. Nd2 O-O 13. O-O Be7 14. b4 Rad8 15. Rad1 Nb6 16. Bxf6 Bxf6 17. Bb5 a6 18. Bxa6 Na4 19. Nb1 1-0

[Event "Pere Noel U1800"]
[Site "Montreal CAN"]
[Date "2013.12.28"]
[Round "3"]
[White "Baran, Marius"]
[Black "Millette, Sylvain"]
[Result "1-0"]
[WhiteElo "1611"]
[BlackElo "1712"]
[PlyCount "88"]
[GameId "2160767909208135"]
[EventDate "2013.12.26"]
[EventType "swiss"]
[EventRounds "5"]
[EventCountry "CAN"]
[SourceTitle "hb 2013"]

1. d4 Nf6 2. c4 g6 3. Nc3 d5 4. cxd5 Nxd5 5. e4 Nxc3 6. bxc3 c5 7. Bc4 Bg7 8. Ne2 O-O 9. O-O cxd4 10. cxd4 Nc6 11. Be3 Na5 12. Bd3 e6 13. Rc1 Nc6 14. Bb5 Bd7 15. Qd2 a6 16. Bd3 Rc8 17. Bb1 Qe7 18. Bg5 Qb4 19. Qxb4 Nxb4 20. Be7 Rfe8 21. Bxb4 Bb5 22. Rxc8 Rxc8 23. Re1 Bxe2 24. Rxe2 Bxd4 25. Rc2 Rd8 26. Rc1 Bb2 27. Re1 b6 28. f4 a5 29. Be7 Rd7 30. Bh4 b5 31. f5 e5 32. Kf2 a4 33. Ke2 b4 34. Rd1 Bd4 35. Rc1 Bc3 36. Be1 Rb7 37. Bxc3 bxc3 38. Kd3 gxf5 39. exf5 Rb2 40. f6 Rf2 41. Rxc3 Rxf6 42. Ke3 Rb6 43. Be4 f5 44. Bxf5 Rb2 1-0

[Event "Pere Noel U1800"]
[Site "Montreal CAN"]
[Date "2013.12.28"]
[Round "3"]
[White "Kay, Sang Kill"]
[Black "Huang, Qiuyu"]
[Result "1-0"]
[WhiteElo "1370"]
[BlackElo "1613"]
[PlyCount "53"]
[GameId "2160767909208136"]
[EventDate "2013.12.26"]
[EventType "swiss"]
[EventRounds "5"]
[EventCountry "CAN"]
[SourceTitle "EXT 2022"]
[Source "ChessBase"]
[SourceDate "2021.10.06"]
[SourceVersion "1"]
[SourceVersionDate "2021.10.06"]
[SourceQuality "1"]

1. e4 c5 2. Nf3 a6 3. c3 d5 4. exd5 Qxd5 5. d4 Bg4 6. Be2 e6 7. Bf4 cxd4 8. cxd4 Nc6 9. O-O Rd8 10. Nc3 Qf5 11. Bg3 Bxf3 12. Bxf3 Nxd4 13. Bxb7 Bc5 14. Bxa6 Nf6 15. Bd3 Qg5 16. Qa4+ Ke7 17. Rae1 Qd2 18. Qc4 Rc8 19. Ne4 Nxe4 20. Rxe4 Nf5 21. Qb5 Rhd8 22. Qb7+ Kf8 23. Ba6 Rb8 24. Bxb8 Bd6 25. Re2 Qf4 26. Bxd6+ Nxd6 27. Qb6 1-0

[Event "Pere Noel U1800"]
[Site "Montreal CAN"]
[Date "2013.12.28"]
[Round "3"]
[White "Lescarbeau, Martin"]
[Black "Nica, Ion"]
[Result "0-1"]
[WhiteElo "1595"]
[BlackElo "1542"]
[PlyCount "71"]
[GameId "2160767909208137"]
[EventDate "2013.12.26"]
[EventType "swiss"]
[EventRounds "5"]
[EventCountry "CAN"]
[SourceTitle "hb 2013"]

1. d4 Nf6 2. Nf3 c5 3. e3 e6 4. b3 cxd4 5. exd4 Nc6 6. Bb2 d5 7. a3 Bd6 8. Bd3 O-O 9. O-O Re8 10. Re1 Qc7 11. Nbd2 Ng4 12. g3 h5 13. c4 Bd7 14. c5 Bf8 15. b4 a6 16. Ne5 Ngxe5 17. dxe5 g6 18. f4 b6 19. cxb6 Qxb6+ 20. Kh1 Ne7 21. Nf3 a5 22. Bd4 Qb7 23. b5 a4 24. Qe2 Reb8 25. b6 Nc6 26. Reb1 Nxd4 27. Nxd4 Bc5 28. Nb5 Bc6 29. h3 d4+ 30. Kh2 Bf3 31. Qc2 Rc8 32. Rc1 Bxa3 33. Nc7 Bxc1 34. Bxg6 Qxb6 35. Bxf7+ Kh8 36. Rxc1 0-1

[Event "Pere Noel U1800"]
[Site "Montreal CAN"]
[Date "2013.12.28"]
[Round "3"]
[White "Medawar, Jean-Marc"]
[Black "Pregent, Daniel"]
[Result "1-0"]
[WhiteElo "1715"]
[BlackElo "1735"]
[PlyCount "57"]
[GameId "2160767909208138"]
[EventDate "2013.12.26"]
[EventType "swiss"]
[EventRounds "5"]
[EventCountry "CAN"]
[SourceTitle "hb 2013"]

1. d4 Nf6 2. f4 b6 3. Nf3 Bb7 4. e3 e6 5. Bd3 Be7 6. Nbd2 d5 7. c3 c5 8. O-O Qc7 9. Ne5 a6 10. Qf3 Nbd7 11. g4 Rf8 12. Re1 O-O-O 13. a4 g6 14. Qe2 c4 15. Bc2 Nxe5 16. fxe5 Nd7 17. e4 f6 18. exd5 Bxd5 19. exf6 Nxf6 20. Ne4 Nxe4 21. Bxe4 Bh4 22. Bxd5 Rf2 23. Qxe6+ Kb8 24. Re5 Rf6 25. Qe8 Rfd6 26. Qf7 Rxd5 27. Qxc7+ Kxc7 28. Re6 Rf8 29. Bh6 1-0

[Event "Pere Noel U1800"]
[Site "Montreal CAN"]
[Date "2013.12.28"]
[Round "3"]
[White "O'Connor, Michael"]
[Black "Steinberg, Ellis"]
[Result "1/2-1/2"]
[WhiteElo "1703"]
[BlackElo "1683"]
[PlyCount "58"]
[GameId "2160767909208139"]
[EventDate "2013.12.26"]
[EventType "swiss"]
[EventRounds "5"]
[EventCountry "CAN"]
[SourceTitle "hb 2013"]

1. d4 Nf6 2. c4 g6 3. Nc3 Bg7 4. e4 d6 5. Nf3 O-O 6. Be2 e5 7. d5 a5 8. Be3 Na6 9. O-O Nh5 10. Ne1 Nf4 11. Nd3 Nxe2+ 12. Qxe2 f5 13. f3 f4 14. Bf2 g5 15. c5 Rf6 16. Na4 Qe8 17. b3 Rh6 18. g4 fxg3 19. Bxg3 Bh3 20. Rfc1 Qg6 21. cxd6 cxd6 22. Nf2 Rf8 23. Rc3 Rh4 24. Nxh3 Rxh3 25. Qg2 g4 26. fxg4 Qxg4 27. Rf1 Rxf1+ 28. Qxf1 h5 29. Qf3 b5 1/2-1/2

[Event "Pere Noel U1800"]
[Site "Montreal CAN"]
[Date "2013.12.29"]
[Round "4"]
[White "Johnson-Constantin, Mathieu"]
[Black "Alcantara, Maximo jr"]
[Result "0-1"]
[WhiteElo "1633"]
[BlackElo "1656"]
[PlyCount "82"]
[GameId "2160767909208140"]
[EventDate "2013.12.26"]
[EventType "swiss"]
[EventRounds "5"]
[EventCountry "CAN"]
[SourceTitle "hb 2013"]

1. e4 c5 2. Nf3 d6 3. d4 cxd4 4. Nxd4 Nc6 5. c4 e5 6. Nc2 Nf6 7. Nc3 Be7 8. f3 h6 9. Be3 O-O 10. Qd2 Nh7 11. O-O-O Qa5 12. g4 Be6 13. h4 Nb4 14. a3 Nxc2 15. Kxc2 Rac8 16. Nd5 Qxd2+ 17. Rxd2 Bxd5 18. Rxd5 Nf6 19. Rd2 b5 20. Bxa7 bxc4 21. Kc3 Rfd8 22. Be2 d5 23. exd5 Nxd5+ 24. Kc2 c3 25. Rd3 cxb2+ 26. Kxb2 Nf4 27. Rxd8+ Rxd8 28. Bc4 Bxa3+ 29. Kxa3 Ra8 30. Re1 Rxa7+ 31. Kb4 Re7 32. Re4 Kf8 33. Kc5 f6 34. h5 Rd7 35. Bb5 Ne6+ 36. Kc6 Rd4 37. Kb6 Ke7 38. Ba6 Kd6 39. Bc8 Rd3 40. Bxe6 Kxe6 41. f4 Rd4 0-1